00454 2200169 4500001002100000005001500021008004100036020002200077035001900099082000800118090001400126100001700140245003200157260003300189300003200222650003000254INLIS00000000000889820241224113728241224||||||||| | ||| |||| ||  a978-979-756-911-2 0010-12240088980 a711 a711 MUL p0 aH.R Mulyanto00aPenataan Drainase Perkotaan aYogyakartabGraha Ilmuc2013 aviii + 64 hlm,1 jil.: 23 cm 0aILMU SEJARAH DAN GEOGRAFI